000 00463nam a2200133Ia 4500
008 231129s2014||||xx |||||||||||||| ||spa||
020 _a978-958-8852-00-3
040 _bspa
082 _a306.4 V199v
245 0 _aEl valor del patrimonio: mercado polí­ticas culturales y agenciamientos sociales
260 _c2014
264 _aBogotá Colombia : Instituto Colombiano de Antropologí­a e Historia ICANH
942 _2ddc
_cBKS
999 _c12647
_d12647